01282cam a22002891 4500001001300000003000400013005001700017008004100034010001700075035001900092040002700111042001200138050002300150100003700173245010100210260004400311300009200355440005400447500005000501500018300551504003100734650004600765650004300811650004700854650004400901700004700945gs 29000129 DLC20260227111333.0800918s1929 dcuabf b f000 0 eng  ags 29000129  a(OCoLC)6724668 aDLCcOkAdEdOCoLCdDLC apremarc00aTC801b.U2 no. 5991 aHall, George Martin,d1891-1941.10aGround water in Yellowstone and Teasure counties, Montana /cby George M. Hall and C. S. Howard. aWashington :bGovt. print. off.,c1929. avi, 118 p., 7 leaves of plates :bill., fold. map (in pocket),tables, diagrs. ;c23 cm. 0aU. S. Geological Survey water-supply paper ;v599 aAt head of title: Department of the Interior. aPrepared in cooperation with the State engineer; the Department of chemistry of the Montana State college, Bozeman; and the Water laboratory of the Montana State board of health. aBibliographical footnotes. 0aGroundwaterzMontanazYellowstone County. 0aGroundwaterzMontanazTreasure County. 0aWater-supplyzMontanazYellowstone County. 0aWater-supplyzMontanazTreasure County.1 aHoward, C. S.q(Charles Spaulding),d1896-